Η νοημοσύνη και η εξέλιξή της : σύγχρονες απόψεις
Αποθηκεύτηκε σε:
| Κύριος συγγραφέας: | |
|---|---|
| Μορφή: | Βιβλίο |
| Γλώσσα: | Greek |
| Δημοσίευση: |
Ηράκλειο :
Ψυχοτεχνική,
1982.
|
| Θέματα: | |
| Ετικέτες: |
Προσθήκη ετικέτας
Δεν υπάρχουν, Καταχωρήστε ετικέτα πρώτοι!
|
MARC
| LEADER | 00000cam a2200000 i 4500 | ||
|---|---|---|---|
| 001 | 1/50447 | ||
| 008 | 040309s1982 gr | ||| |||| ||gre|| | ||
| 035 | |l 10072585 | ||
| 040 | |a GR-MY-UA |b gre |e aacr | ||
| 041 | 0 | |a gre | |
| 082 | 7 | |a 153.9 |2 (22) | |
| 100 | 1 | |a Κυπριωτάκης, Αντώνης Β. | |
| 245 | 1 | 2 | |a Η νοημοσύνη και η εξέλιξή της : |b σύγχρονες απόψεις / |c Αντώνη Β. Κυπριωτάκη. |
| 260 | |a Ηράκλειο : |b Ψυχοτεχνική, |c 1982. | ||
| 300 | |a 135 σ. ; |c 24 εκ. | ||
| 504 | |a Βιβλιογραφία : σ. 121-128. Ευρετήριο. | ||
| 650 | 0 | 0 | |a Intellect. |
| 852 | |a INST |b RHODES |e 20220321 |h 153.9 ΚΥΠ |p 005400042687 |q 005400042687 |t BK |y 0 | ||
| 852 | |a INST |b RHODES |c AKA |e 20040309 |h 153.9 ΚΥΠ |p 005400019522 |q 005400019522 |t BK |y 0 | ||
| 852 | |a INST |b RHODES |c KRI |e 20050825 |h 153.9 ΚΥΠ |p 005400022459 |q 005400022459 |t BK |y 0 | ||
| 901 | |a BIBL4-2004-1 | ||
| 909 | |a Ρ |b 105238 | ||
| 909 | |a Ρ |b 122274 | ||
| 970 | |a ΚΟΥΛΑΚΙΩΤΗ |b ΛΙΤΣΑ |z 2004/03/09 | ||